000 00669nam a22002177a 4500
005 20251108172825.0
008 250721s2004 xx 000 0 ara d
082 1 4 _a630/قاس
100 1 _aقاسم، جهاد
245 1 0 _aمفاهيم زراعية حديثة /
264 1 _aعمان :
_bدارالشروق للنشر والتوزيع،
_c2004.
300 _a232ص.
650 1 7 _aالزراعة
650 1 7 _aالاستثمار الزراعي
650 1 7 _aالزراعة المروية
650 1 7 _aالزراعة المطرية
700 1 _aمزاهرة، ايمن
700 1 _aالصرايرة، لطيفة
942 _2ddc
_cBK
999 _c89366
_d89366